ha-Yoreshet /
Original photographs of play performed in 1997 by Teʾaṭron Bet Lesin.
Saved in:
| Corporate Author: | |
|---|---|
| Other Authors: | |
| Format: | Kit |
| Language: | Hebrew |
| Tags: |
Add Tag
No Tags, Be the first to tag this record!
|
| LEADER | 00455npcaa22001457u 4500 | ||
|---|---|---|---|
| 001 | 008564284-3 | ||
| 005 | 20080912122013.0 | ||
| 008 | 000324| is ||||| |||||||||||heb|d | ||
| 245 | 0 | 3 | |a ha-Yoreshet / |c photographs by Gadi Dagon. |
| 246 | 3 | 3 | |a Gadi Dagon photographs |
| 520 | |a Original photographs of play performed in 1997 by Teʾaṭron Bet Lesin. | ||
| 700 | 1 | |a Dagon, Gadi, |d 1957- | |
| 710 | 2 | |a Teʼaṭron Bet Lesin (Tel Aviv, Israel) | |
| 988 | |a 20020608 | ||
| 906 | |0 MH | ||